|
|
|
|
| LEADER |
00860nam a22002412a 4500 |
| 001 |
000441345 |
| 003 |
CZ BrMZK |
| 005 |
20050425084501.0 |
| 007 |
qu |
| 008 |
990307s1982 xo f slo d |
| 040 |
|
|
|a BOA001
|b cze
|c BOA001
|
| 100 |
1 |
|
|a Sperger, Johann Matthias,
|d 1750-1812
|7 kup20010000093736
|4 cmp
|
| 245 |
1 |
0 |
|a Triá č.1-3 pre husle (hoboj, flautu), violu a violončelo /
|h [hudebnina]
|c Johann Matthias Sperger
|
| 250 |
|
|
|a 1. vyd.
|
| 260 |
|
|
|a Bratislava :
|b Opus,
|c 1982
|
| 300 |
|
|
|a 52 s. +
|e 3 příl. (11, 11, 11 s.)
|
| 490 |
1 |
|
|a Stará hudba na Slovensku ;
|v zv. 5
|
| 500 |
|
|
|a Příl.: Basso - Violino (flauto, oboe) - Viola
|
| 830 |
|
0 |
|a Stará hudba na Slovensku
|
| 910 |
|
|
|a BOA001
|b PK-N-0023.311
|
| 990 |
|
|
|a BK
|
| 991 |
|
|
|b 200504
|
| 996 |
7 |
|
|b 3119831027
|c PK-N-0023.311
|l MZK
|r Sklad / do 1 hodiny
|n 1
|w 000441345
|u 000010
|a 1
|e BOA001
|j MZK50
|s A
|